ბათუმის შოთა რუსთაველის სახელმწიფო უნივერსიტეტის ბიბლიოთეკა

სიტყვათა თამაშის როლი ინგლისურ და ქართულენოვან მედიადისკურსში / (ბიბ.ჩანაწერი № 55450)

000 -ლიდერი
ფიქსირებული სიგრძის საკონტროლო ველი 01369nam a2200241Ia 4500
001 - საკონტროლო ნომერი
საკონტროლო ველი 22532
003 - საკონტროლო ნომრის იდენტიფიკატორი
საკონტროლო ველი GE_BSU
005 - ბოლო ოპერაციის თარიღი და დრო
საკონტროლო ველი 20210412150704.0
008 - ფიქსირებული სიგრძის მონაცემთა ელემენტები - ზოგადი ინფორმაცია
ფიქსირებული სიგრძის საკონტროლო ველი 181216s2016||||ge |||||||||||||| ||geo||
040 ## - კატალოგიზაციის წყარო
Transcribing agency GE_BSU
041 ## - ენის კოდი
Language code of text/sound track or separate title geo
080 ## - უნივერსალური ათობითი კლასიფიკაციის ინდექსი
Universal Decimal Classification number 81 ც-66
100 ## - მთავარი ჩანაწერი - პიროვნების სახელი
Personal name ცინცაძე, თეონა
9 (RLIN) 11224
245 ## - ცნობა სათაურის შესახებ
Title სიტყვათა თამაშის როლი ინგლისურ და ქართულენოვან მედიადისკურსში /
Statement of responsibility, etc თეონა ცინცაძე; მეცნ. ხელმძღვანელი ი. გოშხეთელიანი; ბათუმის შოთა რუსთაველის სახ-ფო უნ-ტი. ჰუმანიტარულ მეცნიერებათა ფაკ-ტი.
264 ## - წარმოების, გამოცემის, დისტრიბუციის და სხვა ცნობები
გამოცემის, წარმოების, დისტრიბუციის... ადგილი ბათუმი,
გამოცემის, წარმოების, დისტრიბუციის... თარიღი 2016
300 ## - ფიზიკური აღწერა
Extent 160 გვ. ;
Other physical details 30 სმ.
504 ## - BIBLIOGRAPHY, ETC. NOTE
Bibliography, etc ბიბლ. გვ. 122-136
653 ## - INDEX TERM--UNCONTROLLED
Uncontrolled term სიტყვათა თამაშის როლი ინგლისურ და ქართულენოვან მედიადისკურსში
653 ## - INDEX TERM--UNCONTROLLED
Uncontrolled term ფილოლოგია
653 ## - INDEX TERM--UNCONTROLLED
Uncontrolled term დისერტაცია
700 ## - ADDED ENTRY--PERSONAL NAME
Personal name გოშხეთელიანი, ი.
Relator term მეცნ. ხელმძღვანელი
9 (RLIN) 11204
942 ## - ADDED ENTRY ELEMENTS (KOHA)
Koha item type წიგნი
Source of classification or shelving scheme
ეგზემპლარები
ჩამოწერის სტატუსი დაკარგული ეგზემპლარის სტატუსი კლასიფიკაციის წყარო ან თაროზე გაწყობის სქემა დაზიანების სტატუსი არ გაიცემა მუდმივი მდებარეობა (დაცვის ადგილი) ამჟამინდელი ადგილსამყოფელი თაროზე განთავსების ადგილი შეძენის თარიღი სრული შენახვის შიფრი შტრიხკოდი ბოლო ოპერაციის თარიღი ეგზემპლარის მიმდევრობითი ნომერი (კეტერი?) ფასის ძალაში შესვლის თარიღი ეგზემპლარის სახეობა საჯარო შენიშვნა
          ბათუმის შოთა რუსთაველის სახელმწიფო უნივერსიტეტის მთავარი ბიბლიოთეკა ბათუმის შოთა რუსთაველის სახელმწიფო უნივერსიტეტის მთავარი ბიბლიოთეკა წიგნსაცავი 2018-12-17 81 ც-66 234 დისერტ. 2018-12-17 234 2018-12-17 დისერტაცია